00899cam a2200301 a 45000010009000000050017000090080041000260100017000670200025000840200022001090350024001310400042001550410008001970420014002050430012002190600023002310700021002540800011002750820011002861000006002971010008003032450033003112460069003449060045004139420012004589990017004709520110004871560999820180918044401.0090203s2009 kyua 000 0 eng d a 2009922184 a9781581502138 (pbk.) a1581502133 (pbk.) a(OCoLC)ocn262430918 aBTCTAcBTCTAdSPPdAGLdVP@dCUXdDLC aeng alccopycat an-us-ky 4aSF 951bG985e 20090 aSF745b.G88 2009 a61 GUT a61 GUT1 a3 aSHM10aEquine ER :cLeslie Guttman.30aStories from a year in the life of an equine veterinary hospital a7bcbcccopycatd2encipf20gy-gencatlg 2ddccBK c47910d47910 00102udc40708PËKGa002b002cPËKGd2018-09-18l0o61 GUTp002-3012764r2018-09-18w2018-09-18yBK